[Event "Fast Game"]
[Site "www.echecsemail.com"]
[Date "2017.05.18"]
[Round "1"]
[White "Cjood"]
[Black "Ranjachess"]
[WhiteElo "1900"]
[BlackElo "1760"]
[Result "0-1"]
[Round "1"]
1.e4 e5
2.Ng1f3 Nb8c6
3.Bf1c4 Ng8f6
4.Nf3g5 d5
5.exd5 Nf6xd5
6.Ng5xf7 Kxf7
7.Qd1f3 Ke6
8.d3 Nc6b4
9.Qf3g4 Kd6
10.Qg4e2 Bc8e6
11.a3 Nb4a6
12.O-O g6
13.Rf1d1 c6
14.d4 Bf8g7
15.Qe2f3 Rh8f8
16.Qf3b3 Qd8b6
17.Qb3a2 exd4
18.b4 d3
19.cxd3 Bg7xa1
20.Qa2xa1 Qb6xf2
21.Kh1 Qf2e2
22.Rd1g1 Rf8f1
23.Qa1d4 Ra8f8
24.Bc1e3 Kc7
25.Bc4xa6 Qe2xe3
26.Qd4xe3 Nd5xe3
27.Nb1d2 bxa6
28.Nd2xf1 Rf8xf1
29.Rg1xf1 Ne3xf1
30.Kg1 Nf1d2
{ resign }
0-1

[Event "Fast Game"]
[Site "www.echecsemail.com"]
[Date "2017.05.18"]
[Round "1"]
[White "Hennie4820"]
[Black "Motorhead99"]
[WhiteElo "1610"]
[BlackElo "1419"]
[Result "1-0"]
[Round "1"]
1.e4 c5
2.Ng1f3 d6
3.d4 cxd4
4.Nf3xd4 Ng8f6
5.Nb1c3 a6
6.Bf1e2 e5
7.Nd4b3 Bc8e6
8.Bc1e3 Nb8d7
9.Nc3d5 Nd7c5
10.Nd5xf6 gxf6
11.Qd1d2 Nc5xb3
12.cxb3 d5
13.exd5 Qd8xd5
14.O-O Qd5xd2
15.Be3xd2 Bf8e7
16.Ra1c1 Kd7
17.Rc1c2 Ra8c8
18.Rf1c1 Rc8xc2
19.Rc1xc2 Rh8c8
20.Rc2xc8 Kxc8
21.Be2d3 h5
22.h4 Be7c5
23.g3 Be6g4
24.Kg2 Kd7
25.f3 Bg4e6
26.Bd3e2 f5
27.g4 fxg4
28.fxg4 hxg4
29.h5 Ke7
30.Kg3 Kf8
31.Be2xg4 Be6xg4
32.Kxg4 Kg8
33.Kf5 Bc5d4
34.Bd2c3 Kh7
35.Kg4 Bd4xc3
36.bxc3 f6
37.c4 b6
38.a3 e4
39.b4 f5
40.Kf4 Kh6
41.c5 { resign }
1-0

[Event "Fast Game"]
[Site "www.echecsemail.com"]
[Date "2017.05.18"]
[Round "1"]
[White "Thor1"]
[Black "Cjood"]
[WhiteElo "1699"]
[BlackElo "1790"]
[Result "0-1"]
[Round "1"]
1.e4 e6
2.Nb1c3 d5
3.d3 d4
4.Nc3a4 b5
5.c3 bxa4
6.cxd4 Qd8xd4
7.Ng1e2 Qd4b4
8.Ne2c3 Bf8c5
9.a3 Qb4d4
10.Bc1e3 Qd4d6
11.d4 Bc5b6
12.Nc3xa4 Bb6a5
13.b4 Ba5xb4
14.axb4 Qd6xb4
15.Ke2 Bc8d7
16.Na4c5 Qb4b2
17.Ke1 Bd7c6
18.d5 exd5
19.Be3d4 Qb2b4
20.Qd1d2 Qb4xd2
21.Kxd2 f6
22.Nc5e6 Kd7
23.Ne6xg7 dxe4
24.Ra1c1 Bc6d5
25.Rc1c5 c6
26.Ng7h5 Ke6
27.Bf1e2 Nb8d7
28.Rc5c3 a5
29.Rh1a1 Ng8e7
30.Be2g4 Kd6
31.Bd4xf6 Nd7xf6
32.Nh5xf6 h6
33.Rc3e3 Ke5
34.Nf6d7 Kd6
35.Nd7b6 Ra8b8
36.Nb6xd5 cxd5
37.Ra1xa5 Rb8b2
38.Ke1 Rh8g8
39.h3 h5
40.Bg4xh5 Rg8xg2
41.Re3e2 Rg2g1

0-1

[Event "Tourn. n9300"]
[Site "www.chess-mail.com"]
[Date "2017.05.19"]
[Round "1"]
[White "Pdebonis"]
[Black "Jpmartinez"]
[WhiteElo "2560"]
[BlackElo "2590"]
[Result "1-0"]
[Round "1"]
1.e4 c5
2.Ng1f3 Nb8c6
3.d4 cxd4
4.Nf3xd4 g6
5.c4 Bf8g7
6.Bc1e3 Ng8f6
7.Nb1c3 d6
8.Bf1e2 O-O
9.O-O Nc6xd4
10.Be3xd4 Bc8d7
11.Qd1d3 a5
12.a3 a4
13.c5 dxc5
14.Bd4xc5 Bd7c6
15.Qd3e3 Nf6d7
16.Rf1d1 Rf8e8
17.Ra1c1 Qd8a5
18.Bc5b4 Qa5b6
19.Qe3xb6 Nd7xb6
20.Bb4c5 Nb6d7
21.Bc5e3 Ra8d8
22.f3 Nd7f8
23.Be3b6 Rd8xd1
24.Rc1xd1 Re8c8
25.Bb6d4  { time }
1-0

[Event "Tourn. n9353"]
[Site "www.chess-mail.com"]
[Date "2017.05.19"]
[Round "1"]
[White "Julian"]
[Black "Cjood"]
[WhiteElo "1880"]
[BlackElo "2020"]
[Result "0-1"]
[Round "1"]
1.e4 e6
2.d4 b6
3.Ng1f3 Bc8b7
4.Bf1d3 Nb8c6
5.Bc1e3 g6
6.O-O Bf8g7
7.Nb1c3 d6
8.Rf1e1 Ng8e7
 { time }
0-1

[Event "Tourn. n9337"]
[Site "www.chess-mail.com"]
[Date "2017.05.19"]
[Round "1"]
[White "Falcoale"]
[Black "Cjood"]
[WhiteElo "1970"]
[BlackElo "1879"]
[Result "1-0"]
[Round "1"]
1.e4 d6
2.d4 Bc8d7
3.Ng1f3 g6
4.Bf1c4 b5
5.Bc4b3 a5
6.a3 c5
7.O-O Bd7c6
8.d5 Bc6d7
9.Bc1e3 a4
10.Bb3a2 Bf8g7
11.c3 c4
12.Nf3g5 h6
13.Ng5f3 Ng8f6
14.Nb1d2 g5
15.h3 Qd8c8
16.Nf3d4 g4
17.hxg4 Bd7xg4
18.f3 Bg4h5
19.Ba2b1 Bh5g6
20.Nd4f5 Bg6xf5
21.exf5 Nf6xd5
22.Be3f2 Nb8d7
23.Rf1e1 Nd7f6
24.Nd2e4 Nf6h5
25.Ne4xd6 Kd8
26.Nd6xf7 Kc7
27.Qd1xd5 Nh5f4
28.Re1xe7 Kb8
29.Qd5xb5 { resign }
1-0

[Event "Tourn. n9315"]
[Site "www.chess-mail.com"]
[Date "2017.05.19"]
[Round "1"]
[White "Sorento"]
[Black "Wwgia"]
[WhiteElo "2060"]
[BlackElo "1900"]
[Result "1-0"]
[Round "1"]
1.e4 c5
2.Nb1c3 Nb8c6
3.f4 g6
4.Ng1f3 Bf8g7
5.Bf1b5 Nc6d4
6.Bb5c4 a6
7.a4 e6
8.O-O Ng8e7
9.d3 d6
10.Bc1e3 O-O
11.g4 f5
12.Be3xd4 cxd4
13.Nc3e2 h6
14.gxf5 gxf5
15.Kh1 Kh8
16.Rf1g1 Qd8e8
17.Qd1e1 Qe8h5
18.Qe1g3 Rf8g8
19.Qg3f2 Bc8d7
20.Ne2xd4 Qh5f7
21.Qf2h4 Ne7g6
22.Qh4h5 Ra8f8
23.Qh5xg6 Qf7xg6
{ time. }
1-0

[Event "Tourn. n9315"]
[Site "www.chess-mail.com"]
[Date "2017.05.19"]
[Round "1"]
[White "Jackbauer"]
[Black "Wwgia"]
[WhiteElo "1940"]
[BlackElo "1900"]
[Result "1-0"]
[Round "1"]
1.e4 c5
2.f4 d5
3.Ng1f3 d4
4.d3 Nb8c6
5.h3 e5
6.Bf1e2 Ng8e7
7.O-O exf4
8.Bc1xf4 Ne7g6
9.Bf4h2 Bf8e7
10.Nb1d2 O-O
11.c3 Rf8e8
12.a3 Be7f8
13.c4 f6
14.Nd2b3 Ng6e5
15.Nb3d2 Ne5g6
16.Bh2g3 Ng6e5
17.Qd1c2 a6
18.b3 Bc8d7
19.Be2d1 b5
20.b4 cxb4
21.a4 bxa4
22.Ra1xa4 { time. }
1-0

[Event "Tourn. n9320"]
[Site "www.chess-mail.com"]
[Date "2017.05.19"]
[Round "1"]
[White "Awfen"]
[Black "Wwgia"]
[WhiteElo "2070"]
[BlackElo "1900"]
[Result "1-0"]
[Round "1"]
1.e4 c5
2.Bf1c4 Nb8c6
3.Ng1f3 g6
4.O-O Bf8g7
5.c3 e6
6.d3 Ng8e7
7.d4 d5
8.exd5 exd5
9.Bc4b3 c4
10.Bb3c2 O-O
11.Bc1g5 f6
12.Bg5h4 Ne7f5
13.Nb1d2 Nf5xh4
14.Nf3xh4 f5
15.Nh4f3 Bc8d7
16.b3 b5
17.a4 a6
18.axb5 axb5
19.b4 Ra8xa1
20.Qd1xa1 g5
21.Kh1 g4
22.Nf3e1 Qd8h4
23.g3 Qh4h3
24.Ne1g2 { time. }
1-0

[Event "Tourn. n9346"]
[Site "www.chess-mail.com"]
[Date "2017.05.19"]
[Round "1"]
[White "Madz123456"]
[Black "Cal"]
[WhiteElo "1470"]
[BlackElo "1700"]
[Result "1-0"]
[Round "1"]
1.e4 e5
2.Ng1f3 d6
3.d4 exd4
4.Nf3xd4 c5
5.Bf1b5 Bc8d7
6.Bb5xd7 Nb8xd7
7.Nd4f5 Ng8f6
8.Nb1c3 a6
9.Nf5xd6 Bf8xd6
10.Qd1xd6 h6
11.Bc1e3 b6
12.e5 Nf6h7
13.Nc3d5 b5
14.Nd5c7 Qd8xc7
15.Qd6xc7 Ke7
16.Be3xc5 Ke6
17.g4 Ra8d8
18.Qc7d6 { resign }
1-0

[Event "Tourn. n9323"]
[Site "www.chess-mail.com"]
[Date "2017.05.19"]
[Round "1"]
[White "Sorento"]
[Black "Wwgia"]
[WhiteElo "2100"]
[BlackElo "1900"]
[Result "1-0"]
[Round "1"]
1.e4 e6
2.d4 d5
3.Nb1c3 dxe4
4.Nc3xe4 Bc8d7
5.Ng1f3 Bd7c6
6.Ne4g3 Bc6xf3
7.Qd1xf3 c6
8.Bc1e3 Ng8f6
9.O-O-O Nb8d7
10.Bf1c4 Bf8e7
11.h4 a5
12.Bc4d3 a4
13.a3 Qd8a5
14.Kb1 h6
15.Ng3e2 O-O
16.g4 b5
17.g5 b4
18.gxf6 Nd7xf6
19.Rh1g1 Rf8b8
20.Be3xh6 Nf6e8
21.Rg1xg7 { resign }
1-0

[Event "Tourn. n9331"]
[Site "www.chess-mail.com"]
[Date "2017.05.19"]
[Round "1"]
[White "Said1991"]
[Black "Crull"]
[WhiteElo "1809"]
[BlackElo "1830"]
[Result "1-0"]
[Round "1"]
1.e4 c5
2.Nb1c3 e5
3.d3 h6
4.g3 Nb8c6
5.Bf1g2 Ng8f6
6.f4 d6
7.Ng1f3 Bf8e7
8.O-O O-O
9.fxe5 dxe5
10.Bc1d2 Bc8g4
11.Nc3e2 Qd8d7
12.Kh1 b5
13.Bd2c3 Bg4xf3
14.Bg2xf3 b4
15.Bc3d2 Nc6d4
16.Ne2xd4 cxd4
17.g4 Nf6h7
18.Bf3g2  { time }
1-0

[Event "Tourn. n9334"]
[Site "www.chess-mail.com"]
[Date "2017.05.19"]
[Round "1"]
[White "Johnmcbride"]
[Black "Wwgia"]
[WhiteElo "2020"]
[BlackElo "1900"]
[Result "1-0"]
[Round "1"]
1.d4 Ng8f6
2.f3 g6
3.c3 Bf8g7
4.e4 d5
5.e5 Nf6d7
6.Bf1d3 O-O
7.Ng1e2 c5
8.O-O Nb8c6
9.Bc1e3 cxd4
10.cxd4 Nd7b6
11.Nb1c3 Nb6c4
12.Bd3xc4 dxc4
13.a3 a6
14.Nc3a4 b5
15.Na4c5 Bc8f5
16.Ne2g3 Bf5c8
17.b4 a5
18.Qd1d2 { time. }
1-0

[Event "Tourn. n9326"]
[Site "www.chess-mail.com"]
[Date "2017.05.19"]
[Round "1"]
[White "Wwgia"]
[Black "Castletyme"]
[WhiteElo "1900"]
[BlackElo "1840"]
[Result "0-1"]
[Round "1"]
1.d4 e6
2.c4 Ng8f6
3.Ng1f3 Nb8c6
4.Nb1c3 Nc6e7
5.e4 d6
6.Bf1e2 Ne7g6
7.O-O Bf8e7
8.Rf1e1 O-O
9.Be2f1 c6
10.Qd1e2 Qd8a5
11.a3 Qa5h5
12.h3 Ng6h4
13.Nf3xh4 Qh5xh4
{ time. }
0-1

[Event "Tourn. n9326"]
[Site "www.chess-mail.com"]
[Date "2017.05.19"]
[Round "1"]
[White "Sorento"]
[Black "Wwgia"]
[WhiteElo "2100"]
[BlackElo "1900"]
[Result "1-0"]
[Round "1"]
1.e4 c5
2.Nb1c3 Nb8c6
3.f4 g6
4.Ng1f3 Bf8g7
5.Bf1b5 Nc6d4
6.Bb5c4 a6
7.a4 d6
8.d3 e6
9.Bc1e3 Ng8e7
10.O-O Nd4xf3
11.Qd1xf3 O-O
12.g4 Ra8b8
13.f5 exf5
14.gxf5 gxf5
15.Qf3h5 f4
16.Rf1xf4 Ne7g6
17.Rf4xf7 Rf8xf7
18.Bc4xf7 Kxf7
19.Qh5xh7 Qd8h8
20.Ra1f1 Ke7
21.Qh7xg6 { time. }
1-0

[Event "Tourn. n9318"]
[Site "www.chess-mail.com"]
[Date "2017.05.19"]
[Round "1"]
[White "Redapond1"]
[Black "Cal"]
[WhiteElo "1730"]
[BlackElo "1710"]
[Result "1-0"]
[Round "1"]
1.d4 d5
2.Bc1f4 h6
3.Nb1c3 Ng8f6
4.Nc3b5 e5
5.Bf4xe5 Bf8d6
6.Be5xf6 Qd8xf6
7.Nb5xd6 Qf6xd6
8.e3 Nb8c6
9.Ng1f3 Bc8g4
10.c3 a6
11.Bf1e2 O-O
12.O-O b5
13.Nf3e1 Bg4xe2
14.Qd1xe2 f5
15.Ne1d3 Nc6e7
16.f4 c6
17.Rf1f3 Ra8e8
18.Rf3g3 Rf8f6
19.a4 Ne7g6
20.axb5 axb5
21.Nd3e5 Ng6h4
22.Qe2h5 Nh4xg2
23.Qh5xe8 Rf6f8
24.Qe8d7 Qd6f6
25.Rg3g6 Rf8d8
26.Rg6xf6 Rd8xd7
27.Ne5xd7 Ng2xe3
28.Rf6f8 Kh7
29.Ra1e1 Ne3g4
30.h3 Ng4f6
31.Nd7xf6 gxf6
32.Rf8xf6 { resign }
1-0

[Event "Tourn. n9315"]
[Site "www.chess-mail.com"]
[Date "2017.05.19"]
[Round "1"]
[White "Falcoale"]
[Black "Balbyns"]
[WhiteElo "1990"]
[BlackElo "1830"]
[Result "0-1"]
[Round "1"]
1.e4 e5
2.Ng1f3 Nb8c6
3.Bf1c4 Bf8c5
4.O-O Ng8f6
5.d3 d6
6.h3 O-O
7.a3 Bc8e6
8.Bc4a2 a5
9.Nb1d2 a4
10.c3 Qd8d7
11.Rf1e1 b5
12.Nd2f1 Nc6a5
13.Bc1g5 Be6xa2
14.Bg5xf6 Ba2b3
15.Qd1d2 gxf6
16.Nf1g3 Bb3e6
17.Qd2h6 d5
18.Qh6xf6 Bc5e7
19.Qf6xe5 Qd7d6
20.exd5 Qd6xe5
21.Re1xe5 Be7f6
22.dxe6 Bf6xe5
23.exf7 Rf8xf7
24.Nf3xe5 Rf7e7
25.d4 Ra8e8
26.Ra1d1 Na5c4
27.Ne5xc4 Re7e1
28.Rd1xe1 Re8xe1
29.Kh2 bxc4
30.f3 Re1b1
31.Ng3e4 Rb1xb2
32.Ne4c5 Rb2a2
33.Nc5xa4 Ra2xa3
34.Na4c5 Ra3xc3
35.Nc5e6 Rc3d3
36.Ne6xc7 c3
{ resign }
0-1

[Event "Tourn. n9321"]
[Site "www.chess-mail.com"]
[Date "2017.05.19"]
[Round "1"]
[White "Redabond"]
[Black "Wwgia"]
[WhiteElo "1670"]
[BlackElo "1900"]
[Result "0-1"]
[Round "1"]
1.d4 Ng8f6
2.Bc1f4 g6
3.Nb1c3 Bf8g7
4.e3 d6
5.d5 O-O
6.Bf1d3 e5
7.dxe6 fxe6
8.Ng1f3 Nb8c6
9.O-O e5
10.Bf4g5 Nc6e7
11.Bg5xf6 Bg7xf6
12.Nc3e4 Bf6g7
13.Bd3c4 Kh8
 { time }
0-1

[Event "Tourn. n9344"]
[Site "www.chess-mail.com"]
[Date "2017.05.19"]
[Round "1"]
[White "Foxy100"]
[Black "Jesmantiz"]
[WhiteElo "2210"]
[BlackElo "2160"]
[Result "0-1"]
[Round "1"]
1.e4 c6
2.d4 d6
3.c4 e6
4.Nb1c3 g6
5.Ng1f3 Bf8g7
6.Bf1e2 h6
7.O-O Ng8e7
8.Bc1e3 g5
9.Nf3e1 Ne7g6
10.Qd1c2 O-O
11.Ne1d3 Nb8a6
12.f4 f6
13.fxg5 hxg5
14.Be2h5 Ng6e7
15.Qc2e2 Na6c7
16.e5 d5
17.exf6 Bg7xf6
{ resign }
0-1

[Event "Match"]
[Site "www.echecsemail.com"]
[Date "2017.05.19"]
[Round "1"]
[White "Orae"]
[Black "Caspito"]
[WhiteElo "1710"]
[BlackElo "1920"]
[Result "0-1"]
[Round "1"]
1.e4 e5
2.Ng1f3 Nb8c6
3.Bf1b5 a6
4.Bb5xc6 dxc6
5.Nf3xe5 Qd8f6
6.d4 Bf8d6
7.Ne5f3 Qf6g6
8.g3 Bc8g4
9.e5 Qg6e4
10.Bc1e3 Bg4xf3
11.Qd1d3 Qe4xd3
12.cxd3 Bf3xh1
13.exd6 cxd6
14.Nb1c3 d5
15.O-O-O Bh1f3
16.Rd1e1 O-O-O
17.Be3g5 f6
18.Bg5f4 g5
19.Bf4d2 Bf3g4
20.Re1e3 h5
21.Nc3a4 Kc7
22.f3 Bg4d7
23.Na4c5 Ng8h6
24.Bd2a5 b6
25.Nc5xa6 Kb7
26.Na6b4 bxa5
27.Nb4c2 Nh6f5
28.Re3e2 Kb6
29.a4 c5
30.dxc5 Kxc5
31.g4 hxg4
32.fxg4 Nf5d4
33.Re2f2 Nd4xc2
34.Rf2xc2 Kd4
35.b3 Bd7xg4
36.Rc2c7 Rh8xh2
37.Rc7a7 Rd8e8
{ resign }
0-1

[Event "Match"]
[Site "www.echecsemail.com"]
[Date "2017.05.19"]
[Round "1"]
[White "Motorhead99"]
[Black "Caspito"]
[WhiteElo "1770"]
[BlackElo "1920"]
[Result "0-1"]
[Round "1"]
1.d4 g6
2.e4 Bf8g7
3.Ng1f3 d6
4.Nb1c3 Bc8g4
5.Bf1e2 c6
6.O-O Bg4xf3
7.Be2xf3 Nb8d7
8.Bc1g5 Ng8f6
9.Rf1e1 O-O
10.a4 a6
11.a5 e5
12.d5 c5
13.Bf3g4 b5
14.axb6 Qd8xb6
15.b3 Qb6b4
16.Qd1d2 Nf6xg4
{ resign }
0-1

[Event "Match"]
[Site "www.echecsemail.com"]
[Date "2017.05.19"]
[Round "1"]
[White "Krystek23"]
[Black "Liencam2"]
[WhiteElo "2290"]
[BlackElo "2340"]
[Result "1-0"]
[Round "1"]
1.c4 e5
2.Nb1c3 Bf8b4
3.Qd1b3 Nb8c6
4.a3 Nc6d4
5.Qb3a4 Bb4e7
6.e3 Nd4c6
7.b4 d6
8.Bf1e2 Bc8d7
9.Qa4c2 Qd8c8
10.h3 Ng8h6
11.Ng1f3 O-O
12.b5 Nc6a5
13.Nc3d5 Be7d8
14.Nd5c3 Bd7e6
15.d3 f5
16.e4 f4
17.Nf3h2 c6
18.Ra1b1 Nh6f7
19.Bc1d2 cxb5
20.Nc3xb5 a6
21.Nb5c3 Na5c6
22.Nh2f3 Nf7g5
23.Nf3xg5 Bd8xg5
24.Qc2d1 Nc6d4
25.a4 Qc8d8
26.Be2g4 Rf8f7
27.Bg4xe6 Nd4xe6
28.Nc3d5 f3
29.g3 Bg5xd2
30.Qd1xd2 Ne6d4
31.a5 Ra8b8
32.O-O Qd8d7
33.Kh2 Nd4e6
34.Nd5e3 Ne6g5
35.Ne3g4 Ng5e6
36.Ng4e3 h5
37.Ne3f5 Rf7f6
38.Rb1b6 Ne6c5
39.Qd2g5 g6
40.Qg5xf6 gxf5
41.Rb6xd6 Qd7g7
42.Qf6xf5 Rb8f8
43.Qf5xh5 Rf8f6
44.Qh5xe5 Nc5b3
45.Rd6xf6 { resign }
1-0

[Event "Match"]
[Site "www.echecsemail.com"]
[Date "2017.05.19"]
[Round "1"]
[White "Chapi"]
[Black "Cjood"]
[WhiteElo "2110"]
[BlackElo "1980"]
[Result "1-0"]
[Round "1"]
1.d4 g6
2.Ng1f3 Bf8g7
3.e4 c5
4.c3 cxd4
5.cxd4 e6
6.Bc1g5 Qd8a5
7.Nb1c3 a6
8.Bf1e2 Qa5b4
9.O-O Qb4xb2
10.Nc3a4 Qb2b4
11.Ra1b1 Qb4a5
12.Na4b6 Bg7xd4
13.Qd1xd4 { resign }
1-0

[Event "Match"]
[Site "www.echecsemail.com"]
[Date "2017.05.19"]
[Round "1"]
[White "Motorhead99"]
[Black "Foxy100"]
[WhiteElo "1730"]
[BlackElo "2210"]
[Result "1-0"]
[Round "1"]
1.d4 d5
2.e3 Ng8f6
3.Bf1d3 c5
4.c3 Nb8c6
5.f4 Bc8g4
6.Ng1f3 e6
7.O-O Bf8e7
8.Nb1d2 O-O
9.h3 Bg4h5
10.g4 Bh5g6
11.Qd1c2 Bg6xd3
12.Qc2xd3 Ra8b8
13.Nf3e5 Qd8c7
14.g5 Nf6d7
15.Nd2f3 Nd7xe5
16.fxe5 b5
17.Kh1 g6
18.h4 Rf8d8
19.e4 dxe4
20.Qd3xe4 cxd4
21.cxd4 Nc6xd4
22.Nf3xd4 { resign }
1-0

[Event "Match"]
[Site "www.echecsemail.com"]
[Date "2017.05.19"]
[Round "1"]
[White "Motorhead99"]
[Black "Gilliere"]
[WhiteElo "1599"]
[BlackElo "2110"]
[Result "0-1"]
[Round "1"]
1.e4 c5
2.Ng1f3 Nb8c6
3.d4 cxd4
4.Nf3xd4 e5
5.Nd4f5 g6
6.Nf5d6 Bf8xd6
7.Qd1xd6 Qd8e7
8.Qd6xe7 Ng8xe7
9.Nb1a3 O-O
10.Bf1c4 a6
11.c3 b5
12.Bc4e2 f5
13.Bc1h6 Rf8e8
14.O-O fxe4
15.Na3c2 d5
16.Bh6e3 Ne7f5
17.Nc2b4 Nc6xb4
18.cxb4 Nf5xe3
19.fxe3 Bc8b7
20.Ra1c1 Ra8c8
21.Rc1xc8 Re8xc8
22.Rf1f2 Rc8c1
23.Be2f1 Kg7
24.a3 d4
{ resign }
0-1

[Event "Match"]
[Site "www.echecsemail.com"]
[Date "2017.05.19"]
[Round "1"]
[White "Wwgia"]
[Black "Azorau"]
[WhiteElo "1900"]
[BlackElo "1830"]
[Result "0-1"]
[Round "1"]
1.d4 e6
2.c4 c5
3.d5 d6
4.Nb1c3 Ng8f6
5.e4 Qd8a5
6.Bc1d2 Qa5d8
7.Ng1f3 Bc8d7
8.Bf1e2 g6
9.O-O e5
10.Nf3e1 Bf8g7
11.a3 O-O
12.b4 Nb8a6
13.Ra1b1 Na6c7
14.bxc5 b6
15.cxd6 Nc7e8
16.Ne1d3 Ne8xd6
17.c5 bxc5
18.f3 c4
19.Nd3c5 Qd8c7
20.Nc5xd7 Qc7xd7
{ time. }
0-1

[Event "Match"]
[Site "www.echecsemail.com"]
[Date "2017.05.19"]
[Round "1"]
[White "Billyg"]
[Black "Josefin"]
[WhiteElo "1690"]
[BlackElo "1349"]
[Result "1-0"]
[Round "1"]
1.e4 Nb8c6
2.d4 g6
3.Ng1f3 f5
4.Bf1d3 Ng8f6
5.O-O Bf8g7
6.exf5 d6
7.Bd3b5 Qd8d7
8.d5 Nf6xd5
9.Qd1xd5 Ra8b8
10.Rf1e1 Bg7xb2
11.Bc1xb2 Rh8g8
12.Qd5xg8  { time }
1-0

[Event "Match"]
[Site "www.echecsemail.com"]
[Date "2017.05.19"]
[Round "1"]
[White "Hundegana"]
[Black "Orae"]
[WhiteElo "2100"]
[BlackElo "1760"]
[Result "1-0"]
[Round "1"]
1.e4 e5
2.d3 Ng8f6
3.a3 Bf8c5
4.Nb1c3 d6
5.b4 Bc5xf2
6.Kxf2 Nf6g4
7.Ke1 Qd8f6
8.Qd1f3 Qf6xf3
9.gxf3 Ng4f6
10.Bc1g5 Nf6h5
11.Nc3d5 Nb8a6
12.d4 f6
13.Bf1xa6 bxa6
14.Nd5xc7 Kd7
15.Nc7xa8 fxg5
16.dxe5 Bc8b7
17.exd6 Bb7xa8
18.Ra1d1 Nh5f4
19.h4 gxh4
20.Ng1e2 Nf4g2
21.Kf2 Ng2e3
22.Kxe3 g5
23.c4 Ba8c6
24.c5 h5
25.Ne2d4 Bc6a4
26.Rd1g1 Rh8g8
27.Rh1h2 g4
28.Rh2xh4 Rg8g5
29.f4 Rg5g8
30.Rh4xh5 g3
31.Rh5g5 Rg8e8
32.Rg1xg3 Ba4c6
33.Rg5g7 Kd8
34.Nd4xc6 { resign }
1-0

[Event "Match"]
[Site "www.echecsemail.com"]
[Date "2017.05.19"]
[Round "1"]
[White "Cjood"]
[Black "Foxy100"]
[WhiteElo "2100"]
[BlackElo "2220"]
[Result "1-0"]
[Round "1"]
1.f4 d5
2.d4 Ng8f6
3.Nb1c3 Bc8f5
4.h3 h6
5.Ng1f3 e6
6.g4 Bf5h7
7.Bf1g2 Nf6e4
8.Nc3xe4 Bh7xe4
9.O-O Nb8c6
10.a3 Bf8e7
11.c3 Qd8d7
12.Nf3e5 Nc6xe5
13.fxe5 Be4g6
14.Bc1f4 Qd7b5
15.b4 a5
16.a4 Qb5c4
17.bxa5 Ra8xa5
18.Bf4d2 O-O
19.Bg2f3 c5
20.Kh1 Rf8a8
21.e4 Bg6xe4
22.dxc5 Be7xc5
23.Bf3xe4 Qc4xe4
24.Qd1f3 Qe4xf3
25.Rf1xf3 Ra5xa4
26.Ra1f1 Ra4a2
27.Bd2e3 { resign }
1-0

[Event "1/32 Finale"]
[Site "www.chess-mail.com"]
[Date "2017.05.19"]
[Round "1"]
[White "Leonger"]
[Black "Hennie4820"]
[WhiteElo "2450"]
[BlackElo "2120"]
[Result "1-0"]
[Round "1"]
1.e4 c5
2.Ng1f3 e6
3.d4 cxd4
4.Nf3xd4 Ng8f6
5.Nb1c3 Qd8b6
6.e5 Bf8c5
7.Nd4b5 Nf6d5
8.Nc3e4 O-O
9.Ne4xc5 Qb6xc5
10.c4 Nd5e7
11.Qd1d6 Qc5xd6
12.exd6 Ne7f5
13.Nb5c7 a6
14.Nc7xa8 { resign }
1-0

[Event "1/128 Finale"]
[Site "www.chess-mail.com"]
[Date "2017.05.19"]
[Round "1"]
[White "Attatroll"]
[Black "Sorento"]
[WhiteElo "2030"]
[BlackElo "2430"]
[Result "1/2-1/2"]
[Round "1"]
1.e4 c5
2.Nb1c3 Nb8c6
3.g4 e6
4.Bf1g2 Ng8e7
5.h3 d5
6.d3 g6
7.Nc3e2 Bf8g7
8.c3 b5
9.Ng1f3 dxe4
{ draw }
1/2-1/2

[Event "Tourn. n9317"]
[Site "www.chess-mail.com"]
[Date "2017.05.20"]
[Round "1"]
[White "Cal"]
[Black "Iko"]
[WhiteElo "1700"]
[BlackElo "1700"]
[Result "1-0"]
[Round "1"]
1.c4 e5
2.e4 Qd8h4
3.Ng1f3 Qh4xe4
4.Bf1e2 d6
5.Nb1c3 Qe4g6
6.Nf3h4 Qg6g5
7.g3 Bf8e7
8.d4 Qg5f6
9.Nc3d5 Qf6e6
10.Nd5xc7 Kd7
11.Nc7xe6 Kxe6
12.d5 Kd7
13.Nh4f3 e4
14.Qd1a4 Kd8
15.Nf3d4 Bc8d7
16.Qa4a5 b6
17.Qa5c3 Ng8f6
18.Bc1g5 Nf6xd5
19.Bg5xe7 Nd5xe7
20.O-O Rh8e8
21.b3 Nb8a6
22.Qc3e3  { time }
1-0

[Event "Tourn. n9349"]
[Site "www.chess-mail.com"]
[Date "2017.05.20"]
[Round "1"]
[White "Rons"]
[Black "Asoka"]
[WhiteElo "2600"]
[BlackElo "2740"]
[Result "1/2-1/2"]
[Round "1"]
1.e4 c5
2.Ng1f3 d6
3.d4 cxd4
4.Nf3xd4 Ng8f6
5.Nb1c3 a6
6.Bc1e3 e5
7.Nd4b3 Bc8e6
8.f3 Nb8d7
9.g4 h6
10.Qd1d2 Bf8e7
11.O-O-O b5
12.Kb1 Qd8c7
13.h4 Nd7b6
14.Qd2f2 Ra8b8
15.Rh1h2 g6
16.g5 hxg5
17.hxg5 Rh8xh2
18.Qf2xh2 Nf6h5
19.Nc3d5 Nb6xd5
20.exd5 Be6f5
21.Bf1d3 Bf5xd3
22.Rd1xd3 Qc7d8
23.Qh2g2 a5
24.Nb3d2 Qd8d7
25.Nd2e4 b4
26.c4 bxc3
27.Rd3xc3 Kf8
28.Qg2f1 a4
29.Qf1a6 Qd7f5
{ draw }
1/2-1/2

[Event "Tourn. n9318"]
[Site "www.chess-mail.com"]
[Date "2017.05.20"]
[Round "1"]
[White "Iko"]
[Black "Cal"]
[WhiteElo "1700"]
[BlackElo "1730"]
[Result "0-1"]
[Round "1"]
1.e4 e5
2.Ng1f3 d6
3.Bf1d3 h6
4.O-O Ng8f6
5.Nb1c3 Bc8g4
6.h3 Bg4h5
7.g4 Bh5g6
8.g5 hxg5
9.Nf3xg5 Nb8c6
10.Rf1e1 Qd8d7
11.Bd3b5 a6
12.Bb5c4 b5
13.d3 Bg6h5
14.f3 Nf6h7
15.h4 Nh7xg5
16.hxg5 Qd7h3
17.Bc4d5 Bh5xf3
18.Re1e2 Qh3h1
19.Kf2 Rh8h2
20.Ke3 Rh2xe2
21.Qd1xe2 Bf3xe2
22.Nc3xe2 Kd7
23.b3 Qh1e1
 { time }
0-1

[Event "Tourn. n9368"]
[Site "www.chess-mail.com"]
[Date "2017.05.20"]
[Round "1"]
[White "Bigrezi"]
[Black "Bojan"]
[WhiteElo "1960"]
[BlackElo "2000"]
[Result "1-0"]
[Round "1"]
1.e4 e5
2.Ng1f3 d6
3.d4 exd4
4.Nf3xd4 Bc8d7
5.Bf1c4 Bf8e7
6.O-O Be7f6
7.Bc1e3 Nb8c6
8.Nb1c3 Nc6e5
9.Bc4b3 Ng8e7
10.Qd1d2 Ne7c6
11.Nc3d5 Ne5g4
12.Nd5xf6 Qd8xf6
13.Nd4xc6 Bd7xc6
14.Be3d4 Qf6g6
15.f3 Ng4e5
16.f4 Ne5g4
17.f5 Qg6h5
18.h3 Ng4e5
19.Qd2e3 a6
20.Bd4xe5 dxe5
21.f6 Rh8g8
22.Rf1f5 Qh5h4
23.Rf5xe5 Kd8
24.Ra1d1 Kc8
25.Bb3xf7 gxf6
26.Re5e6 Rg8f8
27.Qe3c5 Rf8xf7
28.Re6xc6 Qh4xe4
29.Rc6d6 Rf7f8
30.Rd6d7 { resign }
1-0

[Event "Tourn. n9328"]
[Site "www.chess-mail.com"]
[Date "2017.05.20"]
[Round "1"]
[White "Sorento"]
[Black "Lightning"]
[WhiteElo "2100"]
[BlackElo "2140"]
[Result "1/2-1/2"]
[Round "1"]
1.e4 c5
2.Nb1c3 e6
3.f4 Nb8c6
4.Ng1f3 d5
5.e5 Ng8h6
6.d4 Bc8d7
7.Bc1e3 Nh6f5
8.Be3f2 cxd4
9.Nf3xd4 Nc6xd4
10.Bf2xd4 Ra8c8
11.Bd4f2 Bf8b4
12.Bf1d3 d4
13.a3 Bb4a5
14.b4 Rc8xc3
15.bxa5 Qd8xa5
16.O-O Nf5e3
17.Bf2xe3 dxe3
18.Qd1f3 Bd7c6
19.Qf3xe3 O-O
20.Qe3d4 Qa5d5
21.Qd4xd5 Bc6xd5
22.a4 Rf8c8
23.Rf1d1 g6
24.a5 Kg7
25.Kf2 Bd5c6
26.Rd1b1 Rc8d8
27.a6 b6
28.Rb1b4 h5
29.g3 Rc3c5
30.Ke3 h4
31.Rb4c4 Rc5xc4
32.Bd3xc4 hxg3
33.hxg3 Kf8
34.Ra1a3 Ke7
{ draw }
1/2-1/2

[Event "Tourn. n9202"]
[Site "www.chess-mail.com"]
[Date "2017.05.20"]
[Round "1"]
[White "Lucaschess"]
[Black "Falcoale"]
[WhiteElo "1979"]
[BlackElo "1870"]
[Result "1-0"]
[Round "1"]
1.e4 c5
2.Nb1c3 e6
3.f4 b6
4.Ng1f3 Bc8b7
5.g3 Ng8f6
6.d3 Bf8e7
7.Bf1g2 a6
8.O-O O-O
9.f5 d5
10.fxe6 fxe6
11.Nf3g5 d4
12.Ng5xe6 Qd8d7
13.Ne6xf8 Be7xf8
14.Nc3e2 Nb8c6
15.Bc1g5 Bf8e7
16.Bg5d2 Nc6e5
17.Ne2f4 Ra8b8
18.Bg2h3 Qd7c6
19.Bh3f5 Kh8
20.Bf5e6 Nf6xe4
21.Be6d5 Qc6d6
22.Bd5xb7 Ne4xd2
23.Qd1xd2 Rb8xb7
24.Ra1e1 Ne5g4
25.Nf4g2 Rb7b8
26.Qd2e2 Ng4e3
27.Ng2xe3 dxe3
28.Qe2xe3 Rb8e8
29.Qe3xe7 Qd6d4
30.Re1e3 Re8g8
31.Rf1f8 Qd4xe3
32.Qe7xe3 Rg8xf8
33.Qe3e7 { resign }
1-0

[Event "Tourn. n9327"]
[Site "www.chess-mail.com"]
[Date "2017.05.20"]
[Round "1"]
[White "Scasan55"]
[Black "Sorento"]
[WhiteElo "1970"]
[BlackElo "2100"]
[Result "0-1"]
[Round "1"]
1.d4 Ng8f6
2.Ng1f3 g6
3.c3 d5
4.Bc1g5 Bf8g7
5.e3 O-O
6.Bf1d3 Nb8d7
7.O-O c5
8.b3 b6
9.Nb1d2 h6
10.Bg5h4 Qd8e8
11.Bd3b5 a6
12.Bb5xd7 Nf6xd7
13.Ra1c1 e5
14.dxe5 Nd7xe5
15.Nf3xe5 Qe8xe5
16.Nd2f3 Qe5f5
17.h3 Rf8e8
18.Rf1e1 Bc8b7
19.Bh4g3 a5
20.a4 Ra8c8
21.Nf3h2 g5
22.f4 d4
23.cxd4 cxd4
24.Rc1xc8 Re8xc8
25.exd4 Rc8c3
26.Re1e8 Kh7
27.Qd1e1 Rc3xb3
28.fxg5 Rb3b1
29.Qe1xb1 Qf5xb1
{ resign }
0-1